Pracovná rehabilitácia občanov so zdravotným postihnutím

Ciele a formy pracovnej rehabilitácie. Formulácia optimálnych rehabilitačných programov, ktorých cieľom je prevencia invalidity a zabezpečenie kvality života postihnutých občanov. Posudzovanie zdravotného stavu podľa WHO. Miesto pracovnej rehabilitácie v systéme rehabilitačných opatrení. Základné fu...

Descrizione completa

Salvato in:
Dettagli Bibliografici
Autore principale: Pavlíková, E.
Natura: Capitolo di libro
Lingua:slovacco
Soggetti:
Tags: Aggiungi Tag
Nessun Tag, puoi essere il primo ad aggiungerne!!

MARC

LEADER 00000naa a2200000 4500
001 r028169
005 20230807093040.6
041 0 |a slo 
044 |a SK 
245 1 0 |a Pracovná rehabilitácia občanov so zdravotným postihnutím  |c E. Pavlíková 
520 |a Ciele a formy pracovnej rehabilitácie. Formulácia optimálnych rehabilitačných programov, ktorých cieľom je prevencia invalidity a zabezpečenie kvality života postihnutých občanov. Posudzovanie zdravotného stavu podľa WHO. Miesto pracovnej rehabilitácie v systéme rehabilitačných opatrení. Základné funkcie v procese pracovného zaradenia. 
610 2 0 |a rehabilitácia zdravotná 
610 2 0 |a rehabilitácia pracovná 
610 2 0 |a programy 
610 2 0 |a schopnosti pracovné zmenené 
610 2 0 |a proces pracovný 
610 2 0 |a zaradenie pracovné 
610 2 0 |a spôsobilosť k práci 
100 1 |a Pavlíková, E.